Ever After High Trivia Quiz #1 - Statistics

General Stats
  • This quiz has been taken 3,581 times
  • The average score is 12 of 20
Answer Stats
Question Answer % Correct
Who is Ashlynn Ella in a relationship with? Hunter Huntsman
97%
Which one of these characters transferred from Monster High? C. A. Cupid
93%
Who is roommates with Briar Beauty? Ashlynn Ella
90%
Which one of these groups is NOT a group of siblings Briar Beauty and Rosabella Beauty
89%
Which of these characters is NOT from Wonderland? Nina Thumbell
89%
Where does Poppy O'Hair work? The Tower Salon
89%
What school did Poppy O'Hair transfer from? Beauty School
87%
What is Madeline Hatter's second language? Riddlish
84%
Which one of these characters is a rebel? Melody Piper
81%
Which one of these characters can not turn into an animal? Kitty Cheshire
77%
Which one of these characters is the headmaster of Ever After High? Milton Grimm
67%
What classes does Professor Rumpelstiltskin teach? Science and Socery and Chemythstry
60%
Which of these characters can talk to and understand animals? Ashlynn Ella
55%
What instrument does Bunny Blanc play? Trumpet
33%
What is the name of Ginger Breadhouse's MirrorCast show? Spell's Kitchen
31%
Which one of these places is not a location in Ever After High? Hocus Latte
30%
What is special about Darling Charming's horse, Sir Gallopad? He can change colors.
26%
What is Ginger Breadhouse's pet? A candy fish
25%
Which one of these characters does not wear glasses? Briar Beauty
21%
Which one of these classes is not actually a class at Ever After High? Hero Studies
15%
No matching quizzes found
Score Distribution
Percent of People with Each Score
Percentile by Number Answered
Your Score History
You have not taken this quiz